Partnering in construction (Record no. 108736)

MARC details
000 -LEADER
fixed length control field 01263cam a22002655a 4500
001 - CONTROL NUMBER
control field L145260
008 - FIXED-LENGTH DATA ELEMENTS--GENERAL INFORMATION
fixed length control field 080919s2008 xxk f f 000 0 eng d
020 ## - INTERNATIONAL STANDARD BOOK NUMBER
International Standard Book Number 8389780526
035 ## - SYSTEM CONTROL NUMBER
System control number (Sirsi) u145260
041 0# - LANGUAGE CODE
Language code of text/sound track or separate title eng
050 04 - LIBRARY OF CONGRESS CALL NUMBER
Classification number 658.404 $2 18
100 1# - MAIN ENTRY--PERSONAL NAME
Personal name Peace, Sarah
245 00 - TITLE STATEMENT
Title Partnering in construction
260 ## - PUBLICATION, DISTRIBUTION, ETC.
Place of publication, distribution, etc. Salford
Name of publisher, distributor, etc. University of Salford
Date of publication, distribution, etc. 2008
300 ## - PHYSICAL DESCRIPTION
Extent 85p.
Other physical details ill.
Dimensions 23cm.
505 2# - FORMATTED CONTENTS NOTE
Formatted contents note Partnering the way forward -- Background to partnering -- What is partnering? -- Why choose partnering? -- Selecting firms for partnering -- Partnering in practice -- Partnering Skills -- Partnering teams
520 ## - SUMMARY, ETC.
Summary, etc. Introduces partnering in the construction industry and explains the fundamentals, benefits of partnering and a methodology for choosing firms to parter with. Also looks at the skills required for partnering and the management of partnership teams.
520 ## - SUMMARY, ETC.
Summary, etc. One of seven titles in the Construction Managers' Library series, a set of manuals conveying all the information necessary to develop civil engineering skills in the field of construction management.
521 ## - TARGET AUDIENCE NOTE
Target audience note Advanced
590 ## - LOCAL NOTE (RLIN)
Local note KA
651 #4 - SUBJECT ADDED ENTRY--GEOGRAPHIC NAME
Geographic name Europe
651 #4 - SUBJECT ADDED ENTRY--GEOGRAPHIC NAME
Geographic name United Kingdom
Chronological subdivision
690 ## - LOCAL SUBJECT ADDED ENTRY--TOPICAL TERM (OCLC, RLIN)
Topical term or geographic name as entry element Construction management
9 (RLIN) 6230
942 ## - ADDED ENTRY ELEMENTS (KOHA)
Suppress in OPAC 0
Holdings
Withdrawn status Lost status Source of classification or shelving scheme Damaged status Not for loan Home library Current library Shelving location Date acquired Total Checkouts Full call number Barcode Date last seen Date last checked out Copy number Price effective from Koha item type
    Dewey Decimal Classification     London London Books 19/09/2008 8 658.404 PEA 30076036 06/08/2019 29/01/2010 1 06/08/2019 Book